Plastics materials and processing (Record no. 31619)

000 -LEADER
fixed length control field 01130cam a22003134a 4500
001 - CONTROL NUMBER
control field 13885070
003 - CONTROL NUMBER IDENTIFIER
control field 0-13-021626-7
005 - DATE AND TIME OF LATEST TRANSACTION
control field 20211011110415.0
008 - FIXED-LENGTH DATA ELEMENTS--GENERAL INFORMATION
fixed length control field 050228s2006 njua b 001 0 eng
010 ## - LIBRARY OF CONGRESS CONTROL NUMBER
LC control number 2005045876
020 ## - INTERNATIONAL STANDARD BOOK NUMBER
International Standard Book Number 0130216267
038 ## - RECORD CONTENT LICENSOR
Staff Name khadija
040 ## - CATALOGING SOURCE
Original cataloging agency DLC
Transcribing agency DLC
Modifying agency DLC
042 ## - AUTHENTICATION CODE
Authentication code pcc
050 00 - LIBRARY OF CONGRESS CALL NUMBER
Classification number TA455.P5
Item number S74 2006
082 00 - DEWEY DECIMAL CLASSIFICATION NUMBER
Classification number 620.1923
Edition number 22
Author Mark STR
100 1# - MAIN ENTRY--PERSONAL NAME
Personal name Strong, A. Brent.
9 (RLIN) 35926
245 10 - TITLE STATEMENT
Title Plastics materials and processing
Statement of responsibility, etc. A. Brent Strong.
250 ## - EDITION STATEMENT
Edition statement 2nd ed.
260 ## - PUBLICATION, DISTRIBUTION, ETC.
Place of publication, distribution, etc. Upper Saddle River, NJ :
Name of publisher, distributor, etc. Pearson Prentice Hall,
Date of publication, distribution, etc. 2006.
300 ## - PHYSICAL DESCRIPTION
Extent xvi, 917 p. :
Other physical details ill. ;
Dimensions 24 cm.
500 ## - GENERAL NOTE
General note Hardcover.
504 ## - BIBLIOGRAPHY, ETC. NOTE
Bibliography, etc. note Includes bibliographical references and index.
563 ## - BINDING INFORMATION
Binding note Hardcover
650 #0 - SUBJECT ADDED ENTRY--TOPICAL TERM
Topical term or geographic name entry element Plastics.
9 (RLIN) 35927
906 ## - LOCAL DATA ELEMENT F, LDF (RLIN)
a 7
b cbc
c orignew
d 1
e ocip
f 20
g y-gencatlg
942 ## - ADDED ENTRY ELEMENTS (KOHA)
Source of classification or shelving scheme
Koha item type Book
Classification part 620.1923
Holdings
Withdrawn status Lost status Source of classification or shelving scheme Damaged status Not for loan Permanent Location Current Location Shelving location Date acquired Full call number Barcode Date last seen Price effective from Koha item type
          School of Mechanical & Manufacturing Engineering (SMME) School of Mechanical & Manufacturing Engineering (SMME) General Stacks 06/26/2015 620.1923 STR SMME-127 03/20/2018 06/26/2015 Book
© 2023 Central Library, National University of Sciences and Technology. All Rights Reserved.